000 00539nam a2200241Ia 4500
005 20260306150627.0
008 008 260114s9999 xx 000 0 eng d
020 _a9780822387275
037 _aEbook
040 _aCRL
040 _beng
040 _cCRL
041 _2eng
041 _aeng
084 _qCRL
245 0 _aDying Planet
260 _bDuke University Press
260 _c2005
650 _aPhysics
856 _uhttps://www.degruyter.com/isbn/9780822387275
942 _cEBOOK
999 _c1698273
_d1698273